000 00436nam a2200205Ia 4500
001 13723
003 GE_BSU
008 181216s||||||||xx |||||||||||||| ||und||
020 _a9780007350001
040 _cGE_BSU
080 _a821.111-3
100 _aCrichton,Michael; Preston Richard.
245 _aMicro.
260 _aLondon.
260 _bHarper.
260 _c2011
300 _a541p;18cm.
653 _aMicro.
942 _cBK
999 _c46871
_d46871